Elaboración de diagnóstico de infraestructura escolar e institucional en los municipios de Quezalguaque y el municipio de Achuapa departamento de León
Los resultados generados fueron seis Diagnósticos de Infraestructura Escolar e Institucional y la Actualización del Mapa Escolar, los cuales servirán como base de datos en la formulación de Planes de Mejoramiento y Reparación de los Establecimientos Escolares así como las futuras gestiones de...
| Main Author: | |
|---|---|
| Other Authors: | |
| Format: | Tesis Section = Libro |
| Language: | Undetermined Spanish |
| Published: |
Managua
UNI
2008
|
| Subjects: |
| LEADER | 01437nam a2200241Ia 4500 | ||
|---|---|---|---|
| 008 | 240830s9999 xx 000 0 und d | ||
| 040 | |a BIBLIOTECA-RUSB/ Mon 727.1 S211 | ||
| 041 | |a spa | ||
| 082 | |a Mon 727.1 S211 | ||
| 100 | 1 | |a Sánchez Olivas, Julio César | |
| 245 | 1 | 0 | |a Elaboración de diagnóstico de infraestructura escolar e institucional en los municipios de Quezalguaque y el municipio de Achuapa departamento de León |
| 260 | |a Managua |b UNI |c 2008 | ||
| 300 | |a 82 p. :il. | ||
| 500 | |a Informe de prácticas profesionales supervisadas. Convenio de cooperación técnica MINED-UNI año 2007. | ||
| 502 | |a Tesis (Arquitecto) - UNI, 2008. | ||
| 520 | 3 | |a Los resultados generados fueron seis Diagnósticos de Infraestructura Escolar e Institucional y la Actualización del Mapa Escolar, los cuales servirán como base de datos en la formulación de Planes de Mejoramiento y Reparación de los Establecimientos Escolares así como las futuras gestiones de recursos y proyectos del Ministerio de Educación, con el propósito de mejorar de la calidad y el nivel de educación en los departamentos de la zona visitada. | |
| 650 | 7 | |a DIAGNÓSTICO - INFRAESTRUCTRA ESCOLAR | |
| 650 | 7 | |b LEVANTAMIENTO DE PLANTA FISICA - ESTABLECIMIENTOS ESCOLARES | |
| 650 | 7 | |c INSTALACIONES EDUCATIVAS - COORDENADAS GEOGRAFICAS | |
| 700 | 1 | |a Tutor: |b Rosales Rivera, Benjamin | |
| 942 | |c BK |2 ddc | ||
| 991 | |a TESIS | ||
| 999 | |c 21387 | ||